| 000 | 01447pem a2200421 a 4500 | ||
|---|---|---|---|
| 001 | 5555988 | ||
| 003 | NUST-PNEC | ||
| 005 | 20170116180717.0 | ||
| 007 | ad|canzn | ||
| 008 | 970527s1998 enk e 1 eng | ||
| 010 | _a 97022867 | ||
| 020 | _a0415106702 | ||
| 020 | _a0415106710 | ||
| 034 | 0 | _aa | |
| 040 | _cPNEC | ||
| 050 | 0 | 0 |
_aG1035 _b.B6 1998 |
| 052 | _a3201 | ||
| 072 | 7 |
_aF1 _2lcg |
|
| 082 | 0 | 0 |
_a911 BOY _221 |
| 100 | 1 |
_aBoyd, Andrew, _d1920- |
|
| 245 | 1 | 3 |
_aAn atlas of world affairs / _cAndrew Boyd. |
| 246 | 3 | 0 | _aWorld affairs |
| 250 | _a10th ed. | ||
| 255 | _aScales differ. | ||
| 260 |
_aLondon ; _bNew York : _bRoutledge, _c1998. |
||
| 300 |
_a1 atlas (252 p.) : _bmaps ; _c22 cm. |
||
| 500 | _ahttp://www.amazon.com/Atlas-World-Affairs-Andrew-Boyd/dp/0415106702/ref=sr_1_1?s=books&ie=UTF8&qid=1413953487&sr=1-1&keywords=0415106702 | ||
| 500 | _a"Simultaneously published in the USA and Canada"--Verso t.p. | ||
| 500 | _a"Simultaneously published in the USA and Canada"--Verso t.p. | ||
| 500 | _aIncludes index. | ||
| 650 | 0 |
_aWorld politics _y20th century _vMaps. _vGeneral |
|
| 650 | 0 |
_aHistorical geography _vMaps. |
|
| 856 | 4 | 2 |
_3Publisher description _uhttp://www.loc.gov/catdir/enhancements/fy0648/97022867-d.html |
| 906 |
_a7 _bcbc _corigcop _du _eocip _f19 _gy-geogmaps |
||
| 942 |
_2ddc _cBK |
||
| 999 |
_c61230 _d61230 |
||